| 000 | 00356nam a2200145 4500 | ||
|---|---|---|---|
| 999 |
_c9433 _d9433 |
||
| 003 | OSt | ||
| 005 | 20210420123125.0 | ||
| 008 | 210420b ||||| |||| 00| 0 eng d | ||
| 020 | _a9781859469088 | ||
| 082 |
_a720.71 _bSPI |
||
| 100 | _aNeil spiller | ||
| 245 | _aHow to thrive at architecture school/a student guide | ||
| 260 |
_aLondon _bRIBA |
||
| 942 | _2ddc | ||